تاریخے ادبیات عالم / (Record no. 169780)

MARC details
000 -LEADER
fixed length control field 00629nam a22001937a 4500
005 - DATE AND TIME OF LATEST TRANSACTION
control field 20191216113344.0
010 ## - LCCN (DPL NO)
LC control number A-941657
020 ## - INTERNATIONAL STANDARD BOOK NUMBER
Terms of availability 400.00
035 ## - SYSTEM CONTROL NUMBER
System control number A-941657
037 ## - SOURCE OF ACQUISITION
Source of stock number/acquisition BPPD/Pub.
082 ## - DEWEY DECIMAL CLASSIFICATION NUMBER
Classification number 808
100 ## - MAIN ENTRY--PERSONAL NAME
Personal name وھاب اشرفی
245 ## - TITLE STATEMENT
Title تاریخے ادبیات عالم /
Statement of responsibility, etc وھاب اشرفی
246 ## - VARYING FORM OF TITLE
Title proper/short title Tareekh-E-Adabyat Alam vol. III (Urdu) /
Remainder of title by Prof. Wahab Ashrafi
260 ## - PUBLICATION, DISTRIBUTION, ETC. (IMPRINT)
Place of publication, distribution, etc Delhi
Name of publisher, distributor, etc Educational Publishing House
Date of publication, distribution, etc 1998
270 ## - ADDRESS
Address 3108, Gali Azizuddin Vakil, Kucha Pandit, Lal Kuan
City Delhi
Postal code 110006
300 ## - PHYSICAL DESCRIPTION
Extent 384 ص
Dimensions 21cm(Hb)
942 ## - ADDED ENTRY ELEMENTS (KOHA)
Source of classification or shelving scheme Dewey Decimal Classification
Item type Urdu Bks
Classification part 808
Call number suffix و ھ ا
Holdings
Withdrawn status Lost status Not for loan Collection code Home library Current library Date acquired Source of acquisition Cost, normal purchase price Full call number Barcode Copy number Cost, replacement price Koha item type
    Ordered Non-fiction Central Library Central Library 04/12/2019 BPPD/Ven. 400.00 808 و ھ ا A-941657 1 400.00 Urdu Bks

© Delhi Public Library
Hit Counter
free hit counter